Postacie z Kubusia Puchatka - Statystyki

Ogólne statystyki
  • Ten quiz został rozwiązany 43 849 razy
  • Średni wynik to 7 z 9
Statystyki odpowiedzi
Podpowiedź Postać % Poprawnych
Główny bohater Kubuś Puchatek
100%
Pomarańczowy i bardzo sprężysty Tygrys
93%
Sympatyczny, różowy przyjaciel Prosiaczek
92%
Mądry stary ptak mieszkający w domku na drzewie Sowa
85%
Przygnębiony osioł Kłapouchy
83%
Jedyny ludzki bohater Krzyś
80%
Żółty króliczek żyjący w norze Królik
71%
Matka kangura Kangurzyca
68%
i jej syn Maleństwo
44%
Nie znaleziono quizów pasujących do podanych kryteriów
Rozkład punktacji
Procent ludzi z każdym wynikiem
Percentyl według liczby udzielonych odpowiedzi
Twoja historia wyników
Nie rozwiązałeś tego quizu